It looks like you're offline.
Open Library logo
additional options menu

MARC record from Internet Archive

LEADER: 02754cam 2200589Ii 4500
001 ocn500414881
003 OCoLC
005 20220514011751.0
008 100117s2008 cc a 000 0 eng d
040 $aSINLB$beng$erda$cSINLB$dSUC$dOCLCF$dOCLCO$dOCLCQ$dOCLCO$dYDXCP$dCCHGZ$dOCLCA$dAU@$dZQP$dHUELT$dOCLCQ
066 $c$1
020 $a9787119046761$q(pbk.)
020 $a7119046764$q(pbk.)
035 $a(OCoLC)500414881
041 1 $aeng$hchi
043 $aa-cc---
050 4 $aNK7183.A1$bW3613 2008
082 04 $a739.230951$222
100 1 $aWang, Jinhua,$ecompiler.
240 10 $6880-01$aMin jian yin shi.$lEnglish
245 10 $6880-02$aFolk silver accessories /$ccompiled by Wang Jinhua.
246 1 $iChinese title on Chinese colophon p.:$aMin jian yin shi
250 $a1st ed.
264 1 $6880-03$aBeijing :$bForeign Language Press,$c2008.
300 $a125 pages :$bcolor illustrations ;$c24 cm
336 $atext$btxt$2rdacontent
337 $aunmediated$bn$2rdamedia
338 $avolume$bnc$2rdacarrier
490 1 $6880-04$aFolk craft heritage of China
546 $aTranslated from Chinese.
520 $aFolk Silver Accessories collects 200 pictures of folk silver accessories, categorized by type, each picture complete with a descriptive caption. Traditional silver accessories are one of China's representative folk arts. They derive from people's daily life. The handcrafted silver accessories included in this book (including some aristocratic accessories) all have a strong folk flavour. Certain forms of expressive craftsmanship, such as partial tones and connotations, are incorporated in the designs to be interpreted as good wishes for happiness and fortune. These skills display the essence of traditional Chinese arts in a simple way.
650 0 $aSilverwork$zChina.
650 0 $aSilver jewelry$zChina.
650 0 $aFolk art$zChina.
650 7 $aFolk art.$2fast$0(OCoLC)fst00928587
650 7 $aSilver jewelry.$2fast$0(OCoLC)fst01118924
650 7 $aSilverwork.$2fast$0(OCoLC)fst01119016
651 7 $aChina.$2fast$0(OCoLC)fst01206073
650 4 $anépművészet$zkínai
650 4 $aötvösművészet$vékszer
830 0 $aFolk craft heritage of China.
880 10 $6240-01/$1$a民间银饰.$lEnglish
880 00 $6245-02/$1$a/$c王金华 编著
880 1 $6264-03/$1$a北京 :$b外文出版社
880 1 $6490-04/$1$a中国民间文化遗产
880 1 $6700-00/$1$a王金华
880 0 $6830-00/$1$a中国民间文化遗产
938 $aYBP Library Services$bYANK$n8519453
029 1 $aAU@$b000053982127
029 1 $aCHDSB$b006685622
994 $aZ0$bP4A
948 $hNO HOLDINGS IN P4A - 30 OTHER HOLDINGS